00672nam a2200181 a 450000100100000000500170001000800410002704000250006810000400009324500360013326000710016930000200024049000160026083000240027604900090030095201640030999900170047300003149420200930062953.0110627q1916 dr 000 p spa d aDO-SdBNPbspacBNPHU1 aMachado, Antonio,d1875-193992473510aProsas escojidas /cA. Machado. aLa Vega, República Dominicana :bTipografía El Día,c[1916]. a66 p. ;c16 cm.1 aNacionalv3 0aNacional;n3957880 aBNPD 001050718RVaPDbPDcHDd2011-06-27iLF1l0o p31494-10r2020-06-25w2020-06-25y1zPerteneció a la biblioteca personal de Martínez Boog.ZNo se presta c30986d30986